Avengers Civil War Combatants - Statistics

General Stats
  • This quiz has been taken 80 times
  • The average score is 12 of 14
Answer Stats
Answer % Correct
Captain America
100%
Iron Man
100%
Ant-Man
99%
Spider-Man
99%
Black Widow
97%
Winter Soldier
97%
Scarlet Witch
96%
Vision
96%
Black Panther
94%
Falcon
94%
Hawkeye
93%
War Machine
87%
Helmut Zemo
44%
Sharon Carter
36%
No matching quizzes found
Score Distribution
Percent of People with Each Score
Percentile by Number Answered
Your Score History
You have not taken this quiz